MDQL
is popping MORE tags! Check the
thread
!
Quizzes
Events
Quiz Creation
Community
Videos
Private Events
Remove Ads
Sign In
Join for FREE
Feedback
Dark Mode
Quiz Categories
Sports
Geography
Music
Movies
Television
Just For Fun
Miscellaneous
History
Literature
Language
Science
Gaming
Entertainment
Religion
Holiday
For Kids
Quiz Lab
Recent
Popular Today
Quiz Kudos Today
Editor Picks
Curator Picks
Quizzes by...
Day
Popularity
Type
Ratings
Length
Year
Community
Subscriptions
Recent Discussions
Orange Saloon
Badges
Playlists
Quests
Create
Leaderboards
Showdown
Live 5
Trivia Bingo
Activity
Puzzle Library
Sporcle Events
Private Events
Virtual Trivia
Globe League
Become a Host
Pub Owners
SporcleCon
Opinionation
Our Games
Videos
Blog
Mobile Apps
Partnerships
Remove Ads and Go Orange
Feedback
Music
Pop Music
The Beatles
Song
Album
Lyrics
Bands
Singers
Artist
Clip
Rock
Rap
Classical
Billboard
Country Music
Kpop
Taylor Swift
Music
Pop Music
The Beatles
Song
Album
Lyrics
Bands
Singers
Artist
Clip
Rock
Rap
Classical
Billboard
Country Music
Kpop
Taylor Swift
Random Quiz
Search Sporcle
×
Quiz Lab
Quiz Lab
Music
beautiful
Type in answers that appear in a list
Type in answers that appear in a list
Classic
Best Score? Go Orange.
Beautiful to me by Olly Murs Stats
Can you name the Beautiful to me by Olly Murs?
By
Maylis33
10m
296 Questions
39 Plays
39 Plays
39 Plays
Comments
Comments
Give Quiz Kudos
Give Quiz Kudos
-
- Ratings
hide this ad
Replay
Link that replays current quiz
Next Quiz
Link to next quiz in quiz playlist
You Got
0%
They Got
Avg Score
77%
Avg Friend Score
Upgrade to see
Score Distribution
Jump to the score distribution portion of the page
Score
0/296
Timer
10:00
0
Plays Today
Hint
Answer
% Correct
to
94.9%
to
94.9%
to
94.9%
to
94.9%
to
94.9%
to
94.9%
me
94.9%
to
94.9%
me
94.9%
to
94.9%
to
94.9%
to
94.9%
to
94.9%
me
94.9%
to
94.9%
me
94.9%
to
94.9%
me
94.9%
You
92.3%
be
92.3%
you
92.3%
You
92.3%
you
92.3%
be
92.3%
You
92.3%
you
92.3%
you
92.3%
You
92.3%
you
92.3%
you
92.3%
you
92.3%
you
92.3%
you
92.3%
you
92.3%
You
92.3%
and
89.7%
and
89.7%
the
89.7%
and
89.7%
the
89.7%
and
89.7%
and
89.7%
the
89.7%
and
89.7%
a
89.7%
and
89.7%
don't
89.7%
And
89.7%
the
89.7%
the
89.7%
don't
89.7%
don't
89.7%
the
89.7%
the
89.7%
a
89.7%
don't
89.7%
and
89.7%
a
89.7%
And
89.7%
a
89.7%
and
89.7%
the
89.7%
And
89.7%
and
89.7%
the
89.7%
a
89.7%
and
89.7%
don't
89.7%
don't
89.7%
the
89.7%
the
89.7%
a
89.7%
don't
89.7%
and
89.7%
don't
89.7%
don't
89.7%
and
89.7%
and
89.7%
and
89.7%
don't
89.7%
up
87.2%
up
87.2%
like
87.2%
star
87.2%
beautiful
87.2%
like
87.2%
like
87.2%
star
87.2%
beautiful
87.2%
beautiful
87.2%
beautiful
87.2%
on
84.6%
light
84.6%
it
84.6%
Love
84.6%
ever
84.6%
are
84.6%
light
84.6%
what
84.6%
Hint
Answer
% Correct
it
84.6%
it
84.6%
on
84.6%
light
84.6%
it
84.6%
Love
84.6%
ever
84.6%
are
84.6%
light
84.6%
what
84.6%
Love
84.6%
your
84.6%
it
84.6%
what
84.6%
Light
84.6%
your
84.6%
it
84.6%
She
82.1%
her
82.1%
hair
82.1%
Put
82.1%
her
82.1%
when
82.1%
she
82.1%
She
82.1%
her
82.1%
her
82.1%
when
82.1%
her
82.1%
her
82.1%
change
82.1%
way
82.1%
just
82.1%
She
82.1%
she
82.1%
She
82.1%
go
82.1%
her
82.1%
change
82.1%
way
82.1%
just
82.1%
go
82.1%
hair
82.1%
go
82.1%
live
82.1%
just
82.1%
in
79.5%
but
79.5%
in
79.5%
back
79.5%
I
79.5%
I
79.5%
in
79.5%
I
79.5%
sky
79.5%
I
79.5%
care
79.5%
I
79.5%
but
79.5%
I
79.5%
back
79.5%
I
79.5%
But
79.5%
sky
79.5%
I
79.5%
care
79.5%
I
79.5%
care
79.5%
I
79.5%
but
79.5%
ties
76.9%
tight
76.9%
it's
76.9%
again
76.9%
we're
76.9%
going
76.9%
again
76.9%
know
76.9%
every
76.9%
day's
76.9%
know
76.9%
why
76.9%
they
76.9%
so
76.9%
it's
76.9%
know
76.9%
why
76.9%
you're
76.9%
again
76.9%
we're
76.9%
going
76.9%
again
76.9%
know
76.9%
every
76.9%
day's
76.9%
you're
76.9%
You're
76.9%
so
76.9%
know
76.9%
Hint
Answer
% Correct
you're
76.9%
they
76.9%
why
76.9%
you're
76.9%
Time
74.4%
time
74.4%
start
74.4%
try
74.4%
try
74.4%
I'm
74.4%
never
74.4%
never
74.4%
Time
74.4%
time
74.4%
start
74.4%
try
74.4%
try
74.4%
I'm
74.4%
outside
71.8%
black
71.8%
white
71.8%
eyes
71.8%
apart
71.8%
see
71.8%
apart
71.8%
see
71.8%
see
71.8%
see
71.8%
see
71.8%
gone
69.2%
some
69.2%
dark
69.2%
tears
69.2%
fall
69.2%
yeah
69.2%
can
69.2%
some
69.2%
dark
69.2%
tears
69.2%
steps
66.7%
battle
66.7%
feet
66.7%
Oh
66.7%
let
66.7%
battle
66.7%
let
66.7%
oh
66.7%
lives
64.1%
pieces
64.1%
all
64.1%
can't
64.1%
can't
64.1%
bring
61.5%
won't
61.5%
bring
61.5%
about
61.5%
without
61.5%
color's
59%
picking
59%
She's
59%
free
59%
She's
59%
hard
59%
right
59%
rain
59%
hard
59%
stop
59%
that
59%
hand
56.4%
crazy
56.4%
armor
53.8%
been
53.8%
demons
53.8%
been
53.8%
gets
53.8%
feels
53.8%
night
53.8%
push
53.8%
through
53.8%
stare
53.8%
perfect
51.3%
cry
51.3%
anywhere
51.3%
she'll
48.7%
hiding
48.7%
I'd
48.7%
hold
48.7%
heart
48.7%
I'd
48.7%
fighting
46.2%
shadows
46.2%
believe
46.2%
open
46.2%
breaks
43.6%
no
41%
amazing
41%
Chorus
Chorus
23.1%
by
20.5%
Quiz Playlist
Details
Report
Send in Message
Add To Playlist
Classic:
Type in answers that appear in a list
Last Updated: Feb 16, 2017
Quiz Scoreboard
CHALLENGE
Sign Up to Join the Scoreboard
Show All
Scores
Hide
Comments
May contain spoilers
Recently Published
Colored Red Africa Blitz
by spor1
Geography
30s
Find the 'City' Movie
by crazypaving
Movies
60s
5x2 Blitz: Bands
by SL_Kpop136
Music
30s
More to Explore
Quiz From the Vault
Featured Blog Post
14 Easter Pick-up Lines to Find Eggs With
hide this ad
You Might Also Like...
Tags
beautiful
Olly
Today's Top Quizzes in Music
Browse Music
hide this ad
Today's Top Quizzes in beautiful
Browse beautiful
Top Contributed Quizzes in Music
1
5X2 Blitz: Bands II
2
5X2 Blitz: The Beatles
3
Taylor Swift All Songs (2024)
4
5X2 Blitz: Billboard
5
5X2 Blitz: Billboard II
6
5X2 Blitz: Album
7
Taylor Swift Logic Puzzle II
8
5X2 Blitz: Singers
9
5X2 Blitz: Rock
10
5X2 Blitz: Lyrics
Explore More
Trending Topics
Marvel
Harry Potter
Disney
Kpop
Anime
Crossword
NBA
The Office
Country
Song
WWE
Pokémon
Puzzle
Soccer
NFL
hide this ad
More By:
Maylis33
Quiz
Plays
Rating
Category
Featured
Created
Follow the line Emma and Killian S2 Once Upon a Time
643
5.00
Television
Mar 21, 2020
Follow the line: Bridgerton Season 1 Episode 1
625
Television
Apr 14, 2022
Follow the line Emma/Killian S3 Ep1-20 Once Upon a Time
471
5.00
Television
Mar 23, 2020
Follow the Line Emma/Killian S3 E21-22 Once Upon a Time
466
5.00
Television
Mar 23, 2020
Follow the line: Legacies - Hope Mikaelson S1
445
1.00
Television
Feb 15, 2021
Go to Creator's Profile
Score Distribution
Quiz Creator Spotlight
Maylis33
Follow
Send a Message
Quizzes Created
-
Created Quiz Play Count
-
More By This Creator
Popular Quizzes Today
1
Colored Red Africa Blitz
2
Find the US States - No Outlines Minefield
3
Find the 'City' Movie
4
5x2 Blitz: Bands
5
The Countries of the World
6
Find the US States
7
Find the Countries of Europe - No Outlines Minefield
8
US States
More Music Quizzes
Album Title Endings III
Curator's Pick
Trending Quizzes
Colored Red Europe Blitz I
Colored Red Europe Blitz II
Colored Red Africa Blitz II
Colored Red Europe Blitz III
Colored Red Africa Blitz III
Recently Updated
How Do You Spell That?
pecheneg
Godzilla Movies
pecheneg
Grab Bag: 4-10 Letters
pecheneg
2024 March Madness Bracket
pecheneg
Famous TV Couples
Peacemaker
Champions League XIs: Real Madrid
pecheneg
Largest US Cities 1790-2010
pecheneg
Rides in Walt Disney World
pecheneg
Most Oscar Losses (Acting)
pecheneg
Beyoncé Albums
pecheneg
Trending Topics
Harry Potter
Anime
Disney
Kpop
Marvel
Crossword
NBA
The Office
Country
Soccer
WWE
Puzzle
Pokémon
NFL
Song
Your Account Isn't Verified!
In order to create a playlist on Sporcle, you need to verify the email address you used during registration. Go to your
Sporcle Settings
to finish the process.
Report this User
Report this user for behavior that violates our
Community Guidelines
.
Details:
Send Report
Go to the Sporcle.com Mobile Site →
Comments